History Quiz

Random History or Famous Quiz

Who Died Here on This Date? Quiz Stats

 Plays Quiz Updated Mar 28, 2012

Challenge
Share
Tweet
Embed
Score 0/20 Timer 04:00
0 Plays Today
Location Person % Correct
Berlin, GermanyAdolf Hitler
87.7%
Washington, DC, USAAbraham Lincoln
83.8%
Kadhimiya, IraqSaddam Hussein
69.6%
Calvary, Judea, Roman EmpireJesus of Nazareth
68.5%
New Delhi, IndiaMohandas Gandhi
66.7%
Beijing, ChinaMao Zedong
62.8%
Charlottesville, VirginiaThomas Jefferson
57.3%
Warm Springs, GeorgiaFranklin Delano Roosevelt
56.6%
St. HelenaNapoleon Bonaparte
56.2%
Rouen, England (present day France)Joan of Arc
45.7%
Location Person % Correct
BabylonAlexander the Great
45.7%
Tokyo, JapanEmperor Showa
38.2%
Guinea Station, VirginiaThomas 'Stonewall' Jackson
26.7%
Cebu, PhilippinesFerdinand Magellan
26.4%
c. PersiaXerxes I
22.3%
New York, New YorkAlexander Hamilton
17.7%
Paris, FranceMaximilien Robespierre
17.7%
Lima, PeruFrancisco Pizarro
14.6%
c. Puerto RicoRoberto Clemente
14.4%
c. Eastern ChinaQin Shi Huang
7.2%

You're not logged in!

Compare scores with friends on all Sporcle quizzes.
Join for Free
OR
Log In

You Might Also Like...

Show Comments

Extras

Top Quizzes Today


Score Distribution

Your Account Isn't Verified!

In order to create a playlist on Sporcle, you need to verify the email address you used during registration. Go to your Sporcle Settings to finish the process.

Report this User

Report this user for behavior that violates our Community Guidelines.

Details: